The use of web in libraries
Gespeichert in:
| Format: | Buch |
|---|---|
| Sprache: | Undetermined |
| Veröffentlicht: |
Darya Ganj, New Delhi
Akansha Publishing House
2004
|
| Schlagworte: | |
| Tags: |
Tag hinzufügen
Keine Tags, Fügen Sie den ersten Tag hinzu!
|
| Thư viện lưu trữ: | Trung tâm Học liệu Trường Đại học Cần Thơ |
|---|
| LEADER | 00602nam a2200205Ia 4500 | ||
|---|---|---|---|
| 001 | CTU_124763 | ||
| 008 | 210402s9999 xx 000 0 und d | ||
| 020 | |c 49.00 | ||
| 082 | |a 025.00285 | ||
| 082 | |b U84 | ||
| 245 | 4 | |a The use of web in libraries | |
| 245 | 0 | |c Edited by Kuma Verma | |
| 260 | |a Darya Ganj, New Delhi | ||
| 260 | |b Akansha Publishing House | ||
| 260 | |c 2004 | ||
| 650 | |a Libraries,Digital libraries,Libraries,Catalogs, online | ||
| 650 | |x Automation | ||
| 650 | |y Electronic information resources | ||
| 904 | |i Minh | ||
| 980 | |a Trung tâm Học liệu Trường Đại học Cần Thơ | ||